000 00902cam a22003134a 4500
999 _c17185
_d17185
001 YPZ19474
003 YPZ
005 20231011092225.0
008 070326|###########||||||b||||||||||spa|d
020 _a847738259X
040 _cSIUNPA
_aSIUNPA
_bspa
_eAACR2
041 _aspa
044 _asp
080 _a616-053.2 A864at
245 _aAtención integral de enfermería en el niño y el adolescente
_c/ coordinación Marta Díaz Gómez
260 _aMadrid
_b : Síntesis
_c , 1994
300 _a477 p.
_b: il.
490 _a(Colección enfermería ;
_v4)
650 _a SERVICIOS DE ENFERMERIA
650 _a NIÑOS
650 _a ADOLESCENTES
650 _a DESARROLLO DEL NIÑO
650 _a PEDIATRIA
650 _a NUTRICION INFANTIL
650 _a LACTANCIA MATERNA
700 _aDíaz Gómez, Marta
_e, coord.
830 _9414
_aEnfermería (Síntesis)
942 _cBK
_2udc